Country Flags - Christmas Edition - Statistics

General Stats
  • This quiz has been taken 467 times
  • The average score is 6 of 6
Answer Stats
Picture Answer % Correct
Barbados
97%
China
97%
Sri Lanka
97%
Liechtenstein
95%
Canada
92%
Cape Verde
88%
No matching quizzes found
Score Distribution
Percent of People with Each Score
Percentile by Number Answered
Your Score History
You have not taken this quiz